P53 gene mutation in relation to p53 protein accumulation in male and female breast cancer

Bibliographic Details
Main Authors: Nayak, B. K. (Author), Das, B. R. (Author), Baral, R. N. (Author)
Format: Article
Language:English

MARC

LEADER 00000nab a2200000ua 4500
001 vtls010827405
003 SK-MaSNL
005 20260304013255.0
008 230222s1996 xo |||||||||||||||||eng|
035 |a (urnnbn)urn:nbn:sk:snk:ar-a06bsl 
035 |a urn:nbn:sk:snk-ab5t8i 
035 |a (uuid)23154f5d-2767-4285-abe1-dee622ec8d91 
040 |a SNKBUCL  |b slo  |c SNKBUCL  |e AACR2 
041 0 |a eng 
044 |a xo  |c SK 
100 1 |a Nayak, B. K.  |4 aut  |9 1294043 
245 1 0 |a P53 gene mutation in relation to p53 protein accumulation in male and female breast cancer  |c B. K. Nayak, B. R. Das, R. N. Baral 
700 1 |a Das, B. R.  |4 aut  |9 1251101 
700 1 |a Baral, R. N.  |4 aut  |9 1294044 
773 0 |t Neoplasma : journal of experimental and clinical oncology  |g Roč. 43, č. 5 (1996), s. 305-310 
958 |a OND 
958 |a EUIPO 
958 |a article5 
999 |c 2575146  |d 2577076